LEADER 01352nam a2200325 u 4500 001 000000038317 003 CaOOAMICUS 005 20070226113849.0 008 980422s1936 gr u000 u lat u 035 $a10791660 040 $aPUL(R)$bita 100 0 $aGaius,$dsec. II.$0(OLS)http://pul/name/1235 240 10$aInstitutiones$9(Gaius, sec. II).$0(OLS)http://pul/title/12370 245 10$aGaiou Institutiones :$bTeykos proton ta duo prota biblia /$cekdidontai epimeleiai Perikleous K. Bizoukidou. 260 $aEn Thessalonike :$bEkdotikos oikos M. Triantafyllou,$c1936. 300 $a73 p. ;$c25 cm 500 $aTitolo in latino e greco. 500 $aTesto in latino. 500 $aIncludes index. 650 4$aRoman law.$0(OLS)http://pul/subject/117 700 1 $aBizoukides, Perikles.$0(OLS)http://pul/name/28623 850 $aPUL 852 $aPUL$W1$xDP2 Diritto e Scienze Sociali 1$y65$m183 A 30$j52230$nBK-PRI$qStampati$B52230$CPULBib$Z2$F52230 $82 900 $aGaius Iurisconsultus,$dsec. II$91235 900 $aGaio,$dsec. II$91235 941 1 $a8 960 $aDiritto romano$9117 960 $aDiritto romano$9117 996 $6245$aGaiou Institutiones :$bTeykos proton ta duo prota biblia$9(OLS)http://pul/title/52068 996 $6260$aEn Thessalonike :$bEkdotikos oikos M. Triantafyllou$9(OLS)http://pul/publisher/63661 LEADER 00981nam a2200253 u 4500 001 000000113270 003 CaOOAMICUS 005 20080930173921.0 008 080930s2008 it u000 u ita r 020 $z978-88-348-8474-4* 040 $aPUL$bita$dLDB 100 1 $aPessi, Roberto,$d1948-$0(OLS)http://pul/name/40189 245 10$aLezioni di diritto del lavoro /$cRoberto Pessi. 250 $a3. ed. 260 $aPadova :$bCEDAM,$c2008. 300 $aix, 544 p. ;$c24 cm. 650 4$aDiritto del lavoro.$0(OLS)http://pul/subject/1096 850 $aPUL 852 $aPUL$W1$xDP2 Diritto e Scienze Sociali 3$y110$m344. 01 PESRO 1$j129431$qDDC 21$B128512$CPULBib$Z2$F128512 $H108201 $82 941 1 $a9 960 $aLavoro (Diritto)$91096 996 $6020$z978-88-348-8474-4*$9(OLS)http://pul/number/138706 996 $6245$aLezioni di diritto del lavoro$9(OLS)http://pul/title/142341 996 $6260$aPadova :$bCEDAM$9(OLS)http://pul/publisher/48126